| 000 | 00688nam a22002297a 4500 | ||
|---|---|---|---|
| 999 |
_c18116 _d18116 |
||
| 003 | AR-CdUCM | ||
| 008 | 190511b ||||| |||| 00| 0 spa d | ||
| 040 |
_aMUNICIPALIDAD PROVINCIAL DEL CUSCO _cBIBLIOTECA MUNICIPAL DEL CUSCO |
||
| 041 | _hger | ||
| 082 |
_26ed. _a838.95 / _bM22 |
||
| 100 |
_aMann, Thomas _92844 |
||
| 245 | _aLa montaña mágica / | ||
| 260 |
_aMéxico D. F. : _bDiana, _c1963. |
||
| 300 |
_a844 páginas ; _c20.5 cm. |
||
| 505 | _aContenido: Novela. | ||
| 650 |
_aNovela filosófica _917887 |
||
| 650 |
_aNovelas alemanas _92845 |
||
| 650 |
_aSiglo XX _98 |
||
| 700 |
_aVerdaguer, Mario (traducción) _926503 |
||
| 942 |
_2ddc _cLIBROS |
||
| 945 |
_aachl _d2019-05-11 |
||